000 00513 a2200181 4500
003 OSt
005 20240119121418.0
008 240119b |||||||| |||| 00| 0 eng d
020 _a9788182716971
040 _coclc
082 _a920
_bQAR/Q
100 _aQaradawi, Yusuful
_91792
245 _aQaradawiyute Athmakadha /
_cYusuful Qaradawi
250 _a1st ed.
260 _aKozhikode:
_bIslamic Publishing House,
_c2015.
300 _a256p.
942 _2ddc
_cBK
_h920
_iQAR/Q
_k920
_mQAR/Q
999 _c43266
_d43266